000 00358nam a2200157Ia 4500
003 STCL
008 181203s9999 xx 000 0 und d
020 _a9781118407691
040 _aSTCL
_bEN
_cSTCL
082 _222
245 0 _aWorld Literature in Theory
260 _bWiley Blackwell
_aUK
_c2014
300 _a536
546 _aEnglish
942 _2ddc
_cBK
999 _c86743
_d86743